000 00532nam a2200181Ia 4500
008 100920s9999 xx 000 0 und d
082 _b54475
_a24 0
100 _aकाशीकर एस. एम.
245 _aतिसरा कोण.
260 _bयोगेश्वर प्रक ाशनपुणे.
_c0
300 _a214
_bसाधी
365 _b54
520 _aसायो.
630 _aतिसरा कोण.
650 _aसायो.
730 _aतिसरा कोण.
942 _cBOOK
999 _c699216
_d699213